Countries Rosalia has Visited - Statistics

General Stats
  • This quiz has been taken 52 times
  • The average score is 19 of 23
Answer Stats
Continent Country % Correct
North America United States of America
98%
North America Canada
96%
Europe France
96%
South America Colombia
93%
Europe Spain
93%
South America Argentina
91%
North America Mexico
91%
South America Brazil
89%
South America Chile
89%
United Kingdom
89%
Europe Italy
87%
Europe Belgium
84%
Europe Portugal
82%
Europe Greece
76%
Europe Netherlands
76%
Europe Switzerland
76%
Europe Poland
71%
Europe Denmark
69%
Africa Morocco
69%
North America Panama
67%
South America Paraguay
67%
North America Dominican Republic
64%
Europe Czech Republic
56%
No matching quizzes found
Score Distribution
Percent of People with Each Score
Percentile by Number Answered
Your Score History
You have not taken this quiz